01127 2200229 4500001002100000005001500021035002000036007000300056008004100059020002200100082001200122084001800134100003100152245007200183250000600255260003600261300004700297700002400344650004200368520047000410990001700880INLIS00000000000114720260520083920 a0010-0923000132ta260520 j 0 ind  a978-602-8798-46-4 a297.273 a297.273 ANN m0 aAnna Fauziah { Pengarang )1 aMiracles of Quran :bEconomics /cAnna Fauziah ; Editor , Ratna SN a- aJakarta :bPustaka Lebah,c2013 a39 :bilus. ;gambar berwarna ;c28.5 cme-0 aRatna SN ( Editor ) 4aIslam - Sejarah - Zaman Nabi Muhammad aKegiatan manusia tidak bisa terlepas dari kegiatan perekonomian. Mulai dari kegiatan jual beli, utang piutang, hongga menabung di bank. Riba merupakan salah satu kegiatan perekonomian yang diharamkan Islam. Sedangkan sedekah, infak, dan wakaf termasuk ke dalam kegiatan ekonomi yang sangat dianjurkan. My First Islamic EncyclopeBee Miracles of Quran seri Ekonomics ini membahas lebih banyak tentang kegiatan perekonomian yang dilarang maupun dianjurkan dalam Islam. a00064/R/2014